| 000 | 00409nam a2200121Ia 4500 | ||
|---|---|---|---|
| 008 | 170221s9999 xx 000 0 und d | ||
| 100 | _aBrimble, Mark | ||
| 245 | _aBelief and Investing: Preferences and Attitudes of the Faithful | ||
| 245 | _cMark Brimble, Victoria Vyvyan, and Chew Ng | ||
| 260 | _c2015 | ||
| 650 | _xBusiness | ||
| 856 | _uhttp://ro.uow.edu.au/cgi/viewcontent.cgi?article=1423&context=aabfj | ||
| 999 |
_c309358 _d309358 |
||